000
00303nam a2200109Ia 4500
008
220204s9999 xx 000 0 und d
082
_a
338.5:63(540)
_b
JAI
100
_a
JAIN, S C
245
0
_a
Price behaviour and resource allocation in Indian agriculture
260
_a
Bombay
_b
Allied
_c
1968
942
_c
BK
999
_c
23673
_d
23673